000 00875cam a22002414a 4500
001 2157690
005 20250228172333.0
008 990621s1999 caua b 001 0 eng
020 _a0787908584
050 0 0 _aHD38.2
_b.B459 1999
082 0 0 _a658.4/09
_221
100 1 _aBenfari, Robert.
245 1 0 _aUnderstanding and changing your management style /
_cRobert C. Benfari.
250 _a1st ed.
260 _aSan Francisco :
_bJossey-Bass,
_cc1999.
300 _axiii, 282 p. :
_bill. ;
_c24 cm.
650 0 _aExecutive ability.
650 0 _aManagement.
856 4 2 _3Contributor biographical information
_uhttp://www.loc.gov/catdir/bios/wiley043/99027759.html
856 4 2 _3Publisher description
_uhttp://www.loc.gov/catdir/description/wiley035/99027759.html
856 4 _3Table of Contents
_uhttp://www.loc.gov/catdir/toc/onix07/99027759.html
942 _2lcc
_cBK
_n0
999 _c4442
_d4442